Release date of all Taylor Swift albums - Statistics

General Stats
  • This quiz has been taken 30 times
    7 since last reset
  • The average score is 52 of 63
Answer Stats
Album Date % Correct
2006
100%
2007
100%
2008
100%
2008
100%
2010
100%
2011
100%
2012
100%
2014
100%
2017
100%
2019
100%
2020
100%
2020
100%
2020
100%
2020
100%
2021
100%
2021
100%
2022
100%
2023
100%
2023
100%
2024
100%
2025
100%
April
100%
October
100%
October
100%
October
100%
Evermore 11th
83%
The Tortured Poets Department 19th
83%
1989 27th
83%
The Life of a Showgirl 3rd
83%
April
83%
August
83%
December
83%
July
83%
July
83%
November
83%
November
83%
October
83%
October
83%
October
83%
Reputation 10th
67%
Fearless 11th
67%
Fearless (Taylor's Version) 19th
67%
Speak Now World Tour — Live 21st
67%
Midnights 21st
67%
Lover 23rd
67%
Folklore 24th
67%
Folklore: The Long Pond Studio Sessions 25th
67%
1989 (Taylor's Version) 27th
67%
Speak Now (Taylor's Version) 7th
67%
April
67%
July
67%
November
67%
November
67%
November
67%
October
67%
October
67%
Red (Taylor's Version) 12th
50%
Sounds Of The season 14th
50%
Beautiful Eyes 15th
50%
Red 22nd
50%
Taylor Swift 24th
50%
Live from Clear Channel Stripped 2008 24th
50%
Speak Now 25th
50%
No matching quizzes found
Score Distribution
Percent of People with Each Score
Percentile by Number Answered
Your Score History
You have not taken this quiz since the last reset